Código de familia: vigente desde el 26 de agosto de 1977

Spremljeno u:
Bibliografski detalji
Format: Knjiga
Jezik:španjolski
Izdano: Cochabamba Serrano 1982
Teme:
Oznake: Dodaj oznaku
Bez oznaka, Budi prvi tko označuje ovaj zapis!

MARC

LEADER 00000nam a2200000 a 4500
001 UCY7060
003 CL-VaPUC
008 950609e19820000BO |||||||||||||||||spa|d
082 0 4 |a 346.015  |b COD  |2 21 
245 1 0 |a Código de familia: vigente desde el 26 de agosto de 1977 
300 |a 178 p 
942 |c BK 
945 |d 19950609 00:00:00  |a aalvarez 
260 |a Cochabamba  |b Serrano  |c 1982 
650 0 |a Derecho de familia  |9 255603 
651 0 |a Bolivia  |9 255454 
583 |a last modification  |c 19950609 00:00:00  |k Rodrigo Vera 
999 |c 234529  |d 234527 
952 |0 0  |1 0  |4 0  |6 346_015000000000000_COD_1982  |7 0  |8 A  |9 240974  |a BIBDER  |b BIBDER  |d 2019-11-18  |i 2001667  |o 346.015 COD 1982  |p 2001667  |r 2023-01-25  |w 2019-11-18  |y BK  |k DER